| 000 | 00910nac a22002897a 4500 | ||
|---|---|---|---|
| 001 | BR0400300 | ||
| 003 | BR-BrBNA | ||
| 005 | 20240105122936.0 | ||
| 008 | 230509b bl.|||m| |||| 00| 0 por d | ||
| 040 |
_aBR-BrBNA _bpor _cBiblioteca Nacional de Agricultura |
||
| 072 | _aK10; F70 | ||
| 090 | _a1910 BR0400300 | ||
| 100 | 1 | _aFranke, I.L. | |
| 110 | 1 | _aEMBRAPA Acre, Rio Branco (Brasil) | |
| 245 | 1 | _aPrincipais usos e serviços de árvores e arbustos promissores que ocorrem em pastagens no Estao do Acre | |
| 260 | 3 |
_aRio Branco, AC (Brasil): _c1999. |
|
| 300 | _a6 p. | ||
| 490 |
_aComunicado Técnico - EMBRAPA Acre (Brazil) _vno. 106 _xISSN 0100-8668 |
||
| 650 | _aÁRVORE | ||
| 650 | _aARBUSTO | ||
| 650 | _aPASTAGEM | ||
| 650 | _aSOMBREAMENTO | ||
| 650 | _aMATÉRIA ORGÂNICA | ||
| 650 | _aTAXONOMIA VEGETAL | ||
| 909 |
_a202312 _bLúcia Elande _c55 _dLúcia Elande |
||
| 942 |
_2AGRIS _n0 _cMS |
||
| 999 |
_c293395 _d293395 |
||